| 000 | 01053cam a22002891i 4500 | ||
|---|---|---|---|
| 003 | SA-RiAUC | ||
| 005 | 20250529062227.0 | ||
| 008 | 250526s1986 ua g 000 0 ara c | ||
| 020 | _a9771340557 | ||
| 040 |
_aSA-EnSBSSC _bara _cSA-RiAUC _erda |
||
| 082 | 0 | 4 |
_a615.852 _qSA-RiAUC |
| 090 |
_a615.852 _b س ل ي |
||
| 100 | 1 |
_aسليم، محمد إبراهيم _eمؤلف. |
|
| 245 | 1 | 2 |
_aالتداوي بالقرآن والاستشفاء بالرقي والتعاويذ / _cمحمد إبراهيم سليم. |
| 264 | 1 |
_aالقاهرة : _bمكتبة القرآن، _c1986 |
|
| 300 |
_a152 صفحة ؛ _c24 × 17 سم |
||
| 336 |
_aنص _btxt _2rdacontent _3كتاب |
||
| 337 |
_aبدون وسيط _bn _2rdamedia |
||
| 338 |
_aمجلد _bnc _2rdacarrier |
||
| 650 | 7 |
_aالعلاج بالقرآن _2aucsh |
|
| 650 | 7 |
_aالعلاج الديني _2aucsh |
|
| 650 | 7 |
_aالطب البديل _2aucsh |
|
| 650 | 7 |
_aالقرآن والطب _2aucsh |
|
| 730 | 2 | 2 | _aالقرآن |
| 942 |
_2ddc _cBOOK _n0 |
||
| 949 |
_aSA-JeALM _d250526 _umohamedma123 _n1 |
||
| 999 |
_c8457 _d8457 |
||